International real estate returns: a multifactor, multicountry approach (Record no. 73512)
[ view plain ]
| 000 -LEADER | |
|---|---|
| fixed length control field | 01064cam a2200229 4500 |
| 001 - CONTROL NUMBER | |
| control field | ABS67062 |
| 008 - FIXED-LENGTH DATA ELEMENTS--GENERAL INFORMATION | |
| fixed length control field | 031001n2003 000 0 eng u |
| 035 ## - SYSTEM CONTROL NUMBER | |
| System control number | (Sirsi) u123790 |
| 100 ## - MAIN ENTRY--PERSONAL NAME | |
| Personal name | Bond, S. |
| 245 ## - TITLE STATEMENT | |
| Title | International real estate returns: a multifactor, multicountry approach |
| 260 ## - PUBLICATION, DISTRIBUTION, ETC. | |
| Date of publication, distribution, etc. | 2003 |
| 490 ## - SERIES STATEMENT | |
| Series statement | Real Estate Economics |
| Volume/sequential designation | 31(3) 481-500(11) |
| 520 ## - SUMMARY, ETC. | |
| Summary, etc. | Examines the risk and return characteristics of publicly traded real estate companies from 14 countries over the periods 1990 to 2001. Data consists of monthly country level commercial real estate indexes constructed by the European Public Real Estate Association. Finds evidence of strong global market risk components. Findings imply that the international diversification opportunities with real estate companies are more complex than previously thought. [Taken from journal abstract]. |
| 590 ## - LOCAL NOTE (RLIN) | |
| Local note | ABS |
| 650 ## - SUBJECT ADDED ENTRY--TOPICAL TERM | |
| Topical term or geographic name entry element | REAL ESTATE |
| 650 ## - SUBJECT ADDED ENTRY--TOPICAL TERM | |
| Topical term or geographic name entry element | INVESTMENT |
| 650 ## - SUBJECT ADDED ENTRY--TOPICAL TERM | |
| Topical term or geographic name entry element | ECONOMICS |
| 690 ## - LOCAL SUBJECT ADDED ENTRY--TOPICAL TERM (OCLC, RLIN) | |
| Topical term or geographic name as entry element | ECONOMIC ISSUES |
| 700 ## - ADDED ENTRY--PERSONAL NAME | |
| Personal name | Karolyi, G. |
| 700 ## - ADDED ENTRY--PERSONAL NAME | |
| Personal name | Sanders, A. |
| 942 ## - ADDED ENTRY ELEMENTS (KOHA) | |
| Suppress in OPAC | 0 |
| Withdrawn status | Lost status | Source of classification or shelving scheme | Damaged status | Not for loan | Home library | Current library | Shelving location | Date acquired | Total Checkouts | Full call number | Barcode | Date last seen | Copy number | Price effective from | Koha item type |
|---|---|---|---|---|---|---|---|---|---|---|---|---|---|---|---|
| Dewey Decimal Classification | London | London | Journal article | 01/10/2003 | ABS67062 | 123790-1001 | 06/08/2019 | 1 | 06/08/2019 | Journal article |